Geographies of global change : remapping the world in the late twentieth century
Αποθηκεύτηκε σε:
| Άλλοι συγγραφείς: | , , |
|---|---|
| Μορφή: | Βιβλίο |
| Γλώσσα: | English |
| Δημοσίευση: |
Oxford :
Blackwell Publishers,
c1995.
|
| Θέματα: | |
| Ετικέτες: |
Προσθήκη ετικέτας
Δεν υπάρχουν, Καταχωρήστε ετικέτα πρώτοι!
|
MARC
| LEADER | 00000cam a2200000 i 4500 | ||
|---|---|---|---|
| 001 | 1/86204 | ||
| 008 | 990712s1998 enk| ||| |||| ||eng|| | ||
| 020 | |a 063119326X | ||
| 035 | |l 10052025 | ||
| 040 | |a GR-MyUa |b gre |e AACR2 | ||
| 041 | 0 | |a eng | |
| 082 | 7 | |a 910 |2 (22) | |
| 245 | 1 | 0 | |a Geographies of global change : |b remapping the world in the late twentieth century / |c edited by R.J. Johnston, Peter J. Taylor and Michael J. Watts. |
| 260 | |a Oxford : |b Blackwell Publishers, |c c1995. | ||
| 300 | |a 462 σ. : |b εικ. ; |c 23 εκ. | ||
| 504 | |a Περιλαμβάνει βιβλιογραφικές παραπομπές και ευρετήριο. | ||
| 650 | 0 | |a Geography. | |
| 700 | 1 | |a Johnston, R. J. |q (Ronald John) |e edtf | |
| 700 | 1 | |a Taylor, Peter J. |q (Peter James), |d 1944- |e edt | |
| 700 | 1 | |a Watts, Michael, |d 1951- |e edt | |
| 852 | |a INST |b LESVOS |e 19990712 |h 910 GEO |p 005100019837 |q 005100019837 |t BK |y 0 | ||
| 901 | |a BIBL1-1999-2 | ||
| 922 | |a 1ΕΛΗ |b 199812 |c ΚΠΣ/ΤΓ |d LEADER | ||
| 950 | |a 118-1998-10-19 | ||
| 970 | |a ΤΖΑΦΕΡΗ |b ΕΥΑΓΓΕΛΙΑ |z 1999/07/22 | ||